Normal view
MARC view
Entry Personal Name
001 - CONTROL NUMBER
- control field: 84755
003 - CONTROL NUMBER IDENTIFIER
- control field: dpl
005 - DATE AND TIME OF LATEST TRANSACTION
- control field: 20250904124445.0
008 - FIXED-LENGTH DATA ELEMENTS
- fixed length control field: 250904|| aca||aabn | a|a d
040 ## - CATALOGING SOURCE
- Original cataloging agency: dpl
- Transcribing agency: dpl
100 ## - HEADING--PERSONAL NAME
- Personal name: सोबती, कृष्णा
670 ## - SOURCE DATA FOUND
- Source citation: Work cat.: (dpl)209871: सोबती, कृष्णा, वह समय यह समय /, 2024
